Ir para o conteúdo

Проектирование информационных систем: лабораторный практикум

Рассматриваются основные понятия программного проекта, этапы управ-ления проектом по разработке информационной системы, такие как управле-ние рисками, требованиями, персоналом, качеством, а также процесс органи-зации тестирования и документирования информационной системы. Предназначен для студентов,...

ver descrição completa

Na minha lista:
Detalhes bibliográficos
Autor principal: Бурцева Е. В.
Outros Autores: Рак И. П., Платёнкин А. В., Терехов А. В.
Formato: Книга
Idioma:Russian
Publicado em: Тамбов ТГТУ 2021
Acesso em linha:https://e.lanbook.com/book/320387
https://e.lanbook.com/img/cover/book/320387.jpg
Tags: Adicionar Tag
Sem tags, seja o primeiro a adicionar uma tag!
LEADER 01911nam0a2200313 i 4500
001 320387
003 RuSpLAN
005 20240216150941.0
008 240216s2021 ru gs 000 0 rus
020 |a 978-5-8265-2414-5 
040 |a RuSpLAN 
041 0 |a rus 
044 |a ru 
080 |a 004(076.5) 
084 |a з 973.233я73  |2 rubbk 
245 0 0 |a Проектирование информационных систем: лабораторный практикум  |c Бурцева Е. В.,Рак И. П.,Платёнкин А. В.,Терехов А. В. 
260 |a Тамбов  |b ТГТУ  |c 2021 
300 |a 84 с. 
504 |a Библиогр.: доступна в карточке книги, на сайте ЭБС Лань 
520 8 |a Рассматриваются основные понятия программного проекта, этапы управ-ления проектом по разработке информационной системы, такие как управле-ние рисками, требованиями, персоналом, качеством, а также процесс органи-зации тестирования и документирования информационной системы. Предназначен для студентов, обучающихся по направлению подготовки 09.03.03 «Прикладная информатика», очной и заочной форм обучения. 
521 8 |a Книга из коллекции ТГТУ - Информатика 
521 8 |a СЭБ 
100 1 |a Бурцева Е. В. 
700 1 |a Рак И. П. 
700 1 |a Платёнкин А. В. 
700 1 |a Терехов А. В. 
856 4 |u https://e.lanbook.com/book/320387 
856 4 8 |u https://e.lanbook.com/img/cover/book/320387.jpg 
953 |a https://e.lanbook.com/img/cover/book/320387.jpg 
Cannot write session to /tmp/vufind_sessions/sess_p39k5dk9pslr0r8k5sf4j7p5d1